Les rues les plus longues de Paris sur une carte - Statistiques

Statistiques générales
  • Ce quiz a été pris 765 fois
    299 depuis la dernière actualisation
  • Le résultat moyen est 9 sur 28
Réponses sur la Carte
Les réponses sont colorées sur une échelle allant du rouge au vert en fonction du pourcentage des utilisateurs qui les ont devinées à leur premier essai. Vous pouvez retrouver ces pourcentages ci-dessous.
 
Statistiques - réponses
Longueur (m) Voie % Correct
3 070 Rue de Rivoli
80%
4 360 Rue de Vaugirard
72%
3 150 Boulevard Saint-Germain
56%
2 530 Boulevard Haussmann
40%
2 370 Boulevard Raspail
40%
2 850 Boulevard Voltaire
39%
2 250 Rue de Belleville
39%
2 830 Rue La Fayette
38%
6 270 Avenue Daumesnil
37%
2 400 Rue Lecourbe
37%
3 515 Rue des Pyrénées
33%
2 650 Boulevard Malesherbes
32%
2 400 Rue d'Alésia
31%
2 120 Rue de la Convention
31%
2 715 Rue de Tolbiac
30%
2 325 Rue de Courcelles
27%
3 000 Boulevard Ney
25%
3 150 Rue de Charenton
25%
2 250 Rue de Grenelle
25%
2 070 Rue du Faubourg-Saint-Honoré
25%
2 785 Rue de l'Université
24%
2 080 Avenue de Versailles
20%
2 280 Avenue Gambetta
20%
2 540 Rue de Crimée
20%
2 540 Boulevard Pereire
19%
2 020 Rue Ordener
16%
2 030 Rue Marcadet
14%
2 550 Boulevard Sérurier
11%
Aucun quiz correspondant
Distribution des résultats
% des personnes avec chaque résultat
Percentile par nombre de réponses
Votre historique - résultats
Vous n’avez pas pris ce quiz depuis la dernière actualisation